[Event "CMB Breizh Masters Masculins 2010"]
[Site "Guingamp-Pabu (FRANCE)"]
[Date "2010.02.24"]
[Round "6"]
[White "Serafimov, Tervel"]
[Black "Fierro Baquero, Martha L"]
[Result "1-0"]
[WhiteElo "2432"]
[BlackElo "2354"]
[PlyCount "163"]

1. c4 Nf6 2. Nf3 g6 3. g3 Bg7 4. Bg2 O-O 5. Nc3 d6 6. O-O Nc6 7. d3 a6 8. Rb1
Rb8 9. b4 b5 10. cxb5 axb5 11. a4 bxa4 12. b5 Ne5 13. Nxe5 dxe5 14. Qxa4 Bb7
15. Bxb7 Rxb7 16. Bg5 Nd5 17. Ne4 Qa8 18. Qc4 Ra7 19. Nc5 h6 20. Bd2 Ra2 21.
Rfd1 Nb6 22. Qh4 g5 23. Qh5 Nd5 24. Qf3 Rd8 25. e4 Nf6 26. Na6 Rd7 27. Nb4 Ra3
28. Bc1 Ra4 29. Nc6 g4 30. Qe2 Ra2 31. Rb2 Rxb2 32. Bxb2 Qa2 33. Ra1 Qb3 34.
Nxe5 Rd8 35. Nc6 Qxd3 36. Nxe7+ Kh7 37. Qxd3 Rxd3 38. Nf5 Rb3 39. Bxf6 Bxf6 40.
Rc1 Rxb5 41. Rxc7 Rb4 42. Ne3 Rxe4 43. Rxf7+ Kg6 44. Rc7 Bg5 45. Rc6+ Kf7 46.
Rc4 Rxc4 47. Nxc4 h5 48. h3 Kg6 49. Ne3 gxh3 50. Kh2 Be7 51. Nd5 Bc5 52. f3 Bd6
53. Kxh3 Kh6 54. Kg2 Kg6 55. Kf2 Bc5+ 56. Kg2 Kf5 57. Nf4 h4 58. Nd3 Be7 59.
g4+ Ke6 60. Nf4+ Kd6 61. Kh3 Bf6 62. Ng6 Kd5 63. Nxh4 Kd4 64. Nf5+ Ke5 65. Ng3
Bd8 66. Ne2 Be7 67. Kg3 Bf6 68. Ng1 Bd8 69. Nh3 Be7 70. f4+ Ke6 71. Kf3 Kf6 72.
Ke4 Bd8 73. g5+ Kg6 74. f5+ Kh5 75. f6 Kg6 76. Ke5 Bc7+ 77. Ke6 Ba5 78. Nf4+
Kxg5 79. Nd5 Kg6 80. f7 Kg7 81. Ke7 Bd8+ 82. Ke8 1-0

[Event "CMB Breizh Masters Masculins 2010"]
[Site "Guingamp-Pabu (FRANCE)"]
[Date "2010.02.24"]
[Round "6"]
[White "Brunello, Marina"]
[Black "Bouget, Alexandre"]
[Result "1/2-1/2"]
[WhiteElo "2217"]
[BlackElo "2165"]
[PlyCount "205"]
[EventDate "2010.??.??"]

1. e4 e5 2. Nf3 Nc6 3. d4 exd4 4. Nxd4 Bc5 5. Be3 Qf6 6. c3 Qg6 7. Qe2 Nge7 8.
Nd2 O-O 9. g3 Bxd4 10. cxd4 d5 11. Bg2 dxe4 12. Nxe4 Bf5 13. f3 Rad8 14. Rd1
Be6 15. b3 Nd5 16. Qd2 f5 17. Ng5 Rde8 18. O-O Nxe3 19. Qxe3 Bc4 20. Qf4 Bxf1
21. Bxf1 h6 22. Nh3 Qd6 23. Qc1 Kh7 24. d5 Ne5 25. Kg2 g5 26. Nf2 Re7 27. f4
gxf4 28. Qxf4 Ng4 29. Nxg4 Qxf4 30. gxf4 fxg4 31. Kg3 h5 32. d6 Rd7 33. Rd5 Kh6
34. Kh4 Rxf4 35. Rxh5+ Kg7 36. dxc7 Rxc7 37. Bc4 Kf6 38. Kg3 Rd4 39. Rh6+ Kg5
40. Rh8 Re7 41. h4+ gxh3 42. Kxh3 Rh4+ 43. Rxh4 Re3+ 44. Kg2 Kxh4 45. Kf2 Re7
46. Be2 Kg5 47. Ke1 Rd7 48. Bb5 Rd4 49. Ke2 Kf4 50. Bd3 Ke5 51. Kd2 Rh4 52. Kc3
Rh3 53. Kc4 b5+ 54. Kc3 Kd5 55. a3 a6 56. b4 Rg3 57. a4 bxa4 58. Kc2 Rg2+ 59.
Kb1 Kd4 60. Bxa6 Kc3 61. Bb7 Rd2 62. Bc8 a3 63. Be6 Rb2+ 64. Ka1 Kxb4 65. Bf7
$11 Rf2 66. Be6 Kc3 67. Bd5 Rh2 68. Be6 Kb4 69. Bd5 Rh5 70. Be6 Re5 71. Bf7
Re1+ 72. Ka2 Rf1 73. Bd5 Rd1 74. Be6 Kc3 75. Bf7 Rd2+ 76. Ka1 Rd6 77. Ka2 Rf6
78. Bd5 Rf2+ 79. Ka1 Kb4 80. Be6 Rf8 81. Ka2 Re8 82. Bd5 Re5 83. Bf7 Rf5 84.
Be6 Rf2+ 85. Ka1 a2 86. Bxa2 Ka3 87. Bb1 Kb3 88. Be4 Re2 89. Bg6 Re1+ 90. Bb1
Re7 91. Ba2+ Ka3 92. Bb1 Ra7 93. Bf5 Rf7 94. Be4 Re7 95. Bb1 Kb3 96. Ba2+ Kc2
97. Bb1+ Kc1 98. Ba2 Rb7 99. Bd5 Rb5 100. Bc4 Ra5+ 101. Ba2 Rf5 102. Bb1 Rf1
103. Be4 1/2-1/2

[Event "CMB Breizh Masters Masculins 2010"]
[Site "Guingamp-Pabu (FRANCE)"]
[Date "2010.02.25"]
[Round "7"]
[White "Bailet, Pierre"]
[Black "Brunello, Marina"]
[Result "1-0"]
[WhiteElo "2367"]
[BlackElo "2217"]
[PlyCount "51"]
[EventDate "2010.??.??"]

1. e4 c5 2. Nf3 d6 3. d4 cxd4 4. Nxd4 Nf6 5. Nc3 a6 6. Be3 e6 7. Qd2 b5 8. f3
h5 9. O-O-O Bb7 10. Kb1 Nbd7 11. Bd3 Rc8 12. Rhe1 Be7 13. Qf2 Qa5 14. Nce2 Nc5
15. Nb3 Qc7 16. Ned4 Nfd7 17. Qg3 Bf6 18. Bxb5 Nxb3 19. Bxd7+ Kxd7 20. cxb3 d5
21. exd5 Bxd5 22. Bf4 Qc5 23. Be5 Rhg8 24. Qf4 Bxe5 25. Qxe5 g6 26. Nxe6 1-0

[Event "CMB Breizh Masters Masculins 2010"]
[Site "Guingamp-Pabu (FRANCE)"]
[Date "2010.02.25"]
[Round "7"]
[White "Koziak, Vitali"]
[Black "Laurent, Julien G"]
[Result "1/2-1/2"]
[WhiteElo "2482"]
[BlackElo "2319"]
[PlyCount "100"]
[EventDate "2010.??.??"]

1. Nf3 Nf6 2. c4 c5 3. Nc3 g6 4. d4 cxd4 5. Nxd4 Nc6 6. e4 d6 7. Be2 Bg7 8. Be3
O-O 9. O-O Nxd4 10. Bxd4 Be6 11. Qd2 Qa5 12. Rad1 Rfc8 13. b3 Nd7 14. f4 Bxd4+
15. Qxd4 f6 16. Kh1 a6 17. Qe3 Kg7 18. Nd5 Bxd5 19. exd5 Re8 20. a4 Qc5 21. Qc3
a5 22. Bg4 Rad8 23. Rde1 Qb4 24. Qxb4 axb4 25. Bxd7 Rxd7 26. a5 Rb8 27. Ra1 b5
28. axb6 Rxb6 29. Ra8 Kf7 30. Re1 Rbb7 31. Kg1 Ra7 32. Ra1 Rxa1+ 33. Rxa1 e6
34. dxe6+ Kxe6 35. Ra4 d5 36. Rxb4 dxc4 37. Rxc4 Rd2 38. Rc3 Kf5 39. Rf3 h5 40.
Rf2 Rd1+ 41. Rf1 Rd2 42. Rb1 Kxf4 43. b4 Rd6 44. b5 Rb6 45. Kf2 Ke4 46. h4 Kd3
47. Rb3+ Kc4 48. Rg3 Rxb5 49. Rxg6 Rf5+ 50. Ke3 Kd5 1/2-1/2

[Event "CMB Breizh Masters Masculins 2010"]
[Site "Guingamp-Pabu (FRANCE)"]
[Date "2010.02.25"]
[Round "7"]
[White "Jolly, Jean-Francois"]
[Black "Massoni, Michael"]
[Result "0-1"]
[WhiteElo "2417"]
[BlackElo "2274"]
[PlyCount "47"]

1. d4 Nf6 2. c4 g6 3. Nc3 d5 4. cxd5 Nxd5 5. Bd2 Bg7 6. e4 Nxc3 7. Bxc3 c5 8.
d5 Bxc3+ 9. bxc3 O-O 10. Nf3 e6 11. d6 Nc6 12. Bb5 Bd7 13. Qd2 Qf6 14. O-O Rad8
15. a4 Ne5 16. Nxe5 Qxe5 17. f4 Qxe4 18. f5 exf5 19. Rfe1 Qh4 20. Qd5 b6 21.
Rad1 Bxb5 22. axb5 Rd7 23. Qc6 Rfd8 24. Re8+ 0-1

[Event "CMB Breizh Masters Masculins 2010"]
[Site "Guingamp-Pabu (FRANCE)"]
[Date "2010.02.25"]
[Round "7"]
[White "Fierro Baquero, Martha L"]
[Black "Alanic, Xavier"]
[Result "1-0"]
[WhiteElo "2354"]
[BlackElo "2296"]
[PlyCount "113"]

1. e4 c6 2. d4 d5 3. e5 g6 4. c4 Nh6 5. h3 Bg7 6. Nf3 O-O 7. Nc3 Be6 8. Qb3 Qd7
9. Bf4 dxc4 10. Bxc4 Bxc4 11. Qxc4 Na6 12. O-O Nc7 13. Rac1 Ne6 14. Bh2 Rfd8
15. Rfd1 Rac8 16. Rd2 Nf5 17. Rcd1 h5 18. Qb4 Bh6 19. Rd3 Nc7 20. Qxb7 Rb8 21.
e6 Rxb7 22. exd7 Ne6 23. g4 hxg4 24. hxg4 Nd6 25. d5 cxd5 26. Nxd5 Rdxd7 27.
Bxd6 Rxd6 28. Nxe7+ Rxe7 29. Rxd6 Rb7 30. b3 Rb4 31. g5 Bf8 32. Rd7 Rf4 33. Kg2
Bc5 34. R1d2 Bb6 35. Rb7 Nc5 36. Rb8+ Kg7 37. Rc2 Rg4+ 38. Kf1 Rf4 39. Ne5 Ne6
40. Rcc8 Nxg5 41. Rg8+ Kf6 42. Nd7+ Kf5 43. Nxb6 axb6 44. Rgc8 Ne4 45. Rc2 Rh4
46. Rxb6 Kf4 47. Rc4 Kg5 48. Ke2 f5 49. a4 Rh3 50. a5 Nc3+ 51. Kd2 Nd5 52. Rb5
Nf4 53. a6 Rh2 54. Rxf4 Kxf4 55. a7 Rxf2+ 56. Kc3 Ra2 57. Rb4+ 1-0

[Event "CMB Breizh Masters Masculins 2010"]
[Site "Guingamp-Pabu (FRANCE)"]
[Date "2010.02.25"]
[Round "7"]
[White "Bouget, Alexandre"]
[Black "Serafimov, Tervel"]
[Result "0-1"]
[WhiteElo "2165"]
[BlackElo "2432"]
[PlyCount "96"]

1. d4 d5 2. c4 e6 3. Nc3 Nf6 4. cxd5 exd5 5. Bg5 Nbd7 6. e3 Be7 7. Bd3 O-O 8.
Qc2 b6 9. Nf3 Bb7 10. h4 c5 11. O-O-O cxd4 12. exd4 Ne4 13. Kb1 Rc8 14. Bxe7
Qxe7 15. Ng5 Ndf6 16. f3 Nxc3+ 17. bxc3 h6 18. g4 Rc7 19. Nh3 Kh8 20. g5 Ng8
21. gxh6 Nxh6 22. Ng5 Bc8 23. f4 Bg4 24. Be2 Bf5 25. Bd3 Qf6 26. Rhe1 Rfc8 27.
Bxf5 Qxf5 28. Qxf5 Nxf5 29. Re5 g6 30. Rde1 Rd7 31. Re8+ Rxe8 32. Rxe8+ Kg7 33.
Nf3 Re7 34. Rd8 Re4 35. Rxd5 Rxf4 36. Ng5 Nxh4 37. Rd7 Rf5 38. Ne4 g5 39. Rxa7
g4 40. Kc2 Rf4 41. Kd3 g3 42. Nxg3 Rf3+ 43. Ke4 Rxg3 44. c4 Rc3 45. Rc7 Kg6 46.
d5 Nf5 47. Rc6+ Kg5 48. d6 Rxc4+ 0-1

[Event "CMB Breizh Masters Masculins 2010"]
[Site "Guingamp-Pabu (FRANCE)"]
[Date "2010.02.26"]
[Round "8"]
[White "Brunello, Marina"]
[Black "Serafimov, Tervel"]
[Result "0-1"]
[WhiteElo "2217"]
[BlackElo "2432"]
[PlyCount "70"]

1. e4 c6 2. d4 g6 3. Nc3 d5 4. f3 Bg7 5. Be3 dxe4 6. fxe4 e5 7. dxe5 Qxd1+ 8.
Rxd1 Bg4 9. Nf3 Nd7 10. h3 Bxf3 11. gxf3 Bxe5 12. Kf2 Ngf6 13. Bg2 O-O-O 14. f4
Bxc3 15. bxc3 Kc7 16. Bxa7 b6 17. e5 Nd5 18. Bxd5 cxd5 19. Rxd5 Ra8 20. Rxd7+
Kxd7 21. Bxb6 Kc6 22. Bd4 Rhb8 23. Ke3 Rxa2 24. Kd3 Rbb2 25. Rc1 Kd7 26. c4 Rb4
27. Bc5 Rb7 28. Rd1 Kc6 29. Bd6 Rbb2 30. Rc1 Ra8 31. Kd4 Rba2 32. Rb1 Rxc2 33.
c5 Ra4+ 34. Kd3 Rh2 35. Rb6+ Kd5 0-1

[Event "CMB Breizh Masters Masculins 2010"]
[Site "Guingamp-Pabu (FRANCE)"]
[Date "2010.02.26"]
[Round "8"]
[White "Alanic, Xavier"]
[Black "Bouget, Alexandre"]
[Result "1/2-1/2"]
[WhiteElo "2296"]
[BlackElo "2165"]
[PlyCount "58"]

1. c4 c5 2. g3 g6 3. Bg2 Bg7 4. Nc3 Nc6 5. e4 e6 6. Nge2 Nge7 7. O-O O-O 8. d3
d6 9. Rb1 b6 10. a3 Bb7 11. b4 Qd7 12. Be3 Nd4 13. Qd2 f5 14. f4 Kh8 15. Bf2
Ng8 16. Rfe1 Bf6 17. Nb5 Nxb5 18. cxb5 Rac8 19. bxc5 dxc5 20. e5 Bxg2 21. Kxg2
Bg7 22. Red1 Rfd8 23. a4 Ne7 24. d4 c4 25. Nc3 Nd5 26. Rdc1 Bf8 27. Nxd5 Qxd5+
28. Kg1 Rc7 29. Qc3 Be7 1/2-1/2

[Event "CMB Breizh Masters Masculins 2010"]
[Site "Guingamp-Pabu (FRANCE)"]
[Date "2010.02.26"]
[Round "8"]
[White "Massoni, Michael"]
[Black "Fierro Baquero, Martha L"]
[Result "1/2-1/2"]
[WhiteElo "2274"]
[BlackElo "2354"]
[PlyCount "104"]

1. e4 g6 2. d4 Bg7 3. Nf3 d6 4. Nc3 a6 5. a4 Bg4 6. Be2 Nc6 7. Be3 e5 8. d5
Nce7 9. h3 Bxf3 10. Bxf3 Nf6 11. a5 O-O 12. g4 Nd7 13. g5 b5 14. h4 b4 15. Na4
f5 16. gxf6 Nxf6 17. h5 Qe8 18. h6 Bh8 19. Bg2 Nh5 20. Bh3 Bf6 21. Qd2 Qb5 22.
Bf1 Qb7 23. b3 Nf4 24. Nb2 Kh8 25. Ra4 Rab8 26. Nd3 Nxd3+ 27. Qxd3 Ra8 28. Qd2
c5 29. Bh3 Nc8 30. Ra1 Na7 31. Bf1 Nb5 32. Bxb5 Qxb5 33. Qe2 Qd7 34. Kd2 Qe7
35. Rhg1 Rfc8 36. Rg3 Rc7 37. Rag1 Rb7 38. Rf3 Rb5 39. Ra1 Rf8 40. Qf1 Qd7 41.
Qg2 Qc8 42. Qh3 Qxh3 43. Rxh3 Bd8 44. Rhh1 Kg8 45. Rhf1 Rb7 46. f4 exf4 47.
Rxf4 Bf6 48. Raf1 Rbf7 49. Ke2 Be5 50. Rxf7 Rxf7 51. Rxf7 Kxf7 52. Kd3 Ke7
1/2-1/2

[Event "CMB Breizh Masters Masculins 2010"]
[Site "Guingamp-Pabu (FRANCE)"]
[Date "2010.02.26"]
[Round "8"]
[White "Laurent, Julien G"]
[Black "Jolly, Jean-Francois"]
[Result "1/2-1/2"]
[WhiteElo "2319"]
[BlackElo "2417"]
[PlyCount "78"]

1. Nf3 g6 2. e4 Bg7 3. d4 d6 4. Nc3 a6 5. a4 b6 6. Bc4 e6 7. Bg5 Ne7 8. Qd2 h6
9. Be3 d5 10. Bd3 Nd7 11. Ne2 c5 12. c3 c4 13. Bc2 dxe4 14. Bxe4 Nd5 15. Nf4
N7f6 16. Bc2 Bb7 17. Qe2 Nxe3 18. fxe3 g5 19. Nxe6 fxe6 20. Bg6+ Ke7 21. Ne5
Qd5 22. O-O Rhf8 23. Nxc4 Nd7 24. e4 Qc6 25. e5 Rxf1+ 26. Rxf1 Rf8 27. Nd6 Qc7
28. Rxf8 Nxf8 29. Ne8 Qd7 30. Bh5 Kd8 31. Qc4 Be4 32. Qxa6 Ng6 33. Bxg6 Bxg6
34. Qa8+ Ke7 35. Nxg7 Kf7 36. Qh8 Qxa4 37. h3 Qa1+ 38. Kh2 Qf1 39. Ne8 Qf4+
1/2-1/2

[Event "CMB Breizh Masters Masculins 2010"]
[Site "Guingamp-Pabu (FRANCE)"]
[Date "2010.02.26"]
[Round "8"]
[White "Bailet, Pierre"]
[Black "Koziak, Vitali"]
[Result "0-1"]
[WhiteElo "2367"]
[BlackElo "2482"]
[PlyCount "66"]

1. e4 e5 2. Nf3 Nc6 3. Bb5 a6 4. Ba4 Nf6 5. O-O Nxe4 6. d4 b5 7. Bb3 d5 8. dxe5
Be6 9. Be3 Be7 10. Nbd2 Nc5 11. a4 d4 12. Bf4 O-O 13. axb5 axb5 14. Rxa8 Qxa8
15. Bg5 Qd8 16. Bxe6 Nxe6 17. Bxe7 Qxe7 18. Qe2 Qc5 19. Qe4 Nb4 20. Rc1 Rd8 21.
Nb3 Qd5 22. Qxd5 Rxd5 23. Kf1 Kf8 24. c4 dxc3 25. bxc3 Nc6 26. Nbd4 Nxe5 27.
Nxe6+ fxe6 28. Nd4 Kf7 29. Rb1 c6 30. f4 Nc4 31. Ra1 b4 32. Nxc6 bxc3 33. Nb4
Rd2 0-1

[Event "CMB Breizh Masters Masculins 2010"]
[Site "Guingamp-Pabu (FRANCE)"]
[Date "2010.02.27"]
[Round "9"]
[White "Koziak, Vitali"]
[Black "Brunello, Marina"]
[Result "0-1"]
[WhiteElo "2482"]
[BlackElo "2217"]
[PlyCount "62"]

1. d4 Nf6 2. c4 e6 3. Nf3 c5 4. e3 d5 5. Nc3 Nbd7 6. cxd5 exd5 7. Bd3 cxd4 8.
exd4 Bd6 9. O-O O-O 10. Bg5 Be7 11. Re1 Re8 12. Rc1 a6 13. Qb3 h6 14. Bh4 Qa5
15. Re3 b6 16. Ne5 Nxe5 17. dxe5 Ng4 18. Bxe7 Rxe7 19. Nxd5 Re8 20. Ree1 Nxe5
21. Qxb6 Nf3+ 22. gxf3 Rxe1+ 23. Rxe1 Qxe1+ 24. Kg2 Bd7 25. Be4 Re8 26. Qd4 Bb5
27. Ne3 Qc1 28. h4 Qc7 29. a4 Bd7 30. Nd5 Qd8 31. Nb6 Bh3+ 0-1

[Event "CMB Breizh Masters Masculins 2010"]
[Site "Guingamp-Pabu (FRANCE)"]
[Date "2010.02.27"]
[Round "9"]
[White "Jolly, Jean-Francois"]
[Black "Bailet, Pierre"]
[Result "0-1"]
[WhiteElo "2417"]
[BlackElo "2367"]
[PlyCount "54"]

1. e4 c5 2. Nf3 Nc6 3. d4 cxd4 4. Nxd4 Nf6 5. Nc3 e6 6. Nxc6 bxc6 7. e5 Nd5 8.
Ne4 Qc7 9. f4 Qb6 10. c4 Bb4+ 11. Ke2 f5 12. Nf2 Ba6 13. Kf3 Ne7 14. Be3 c5 15.
Qd6 Qb7+ 16. Kg3 g5 17. h4 gxf4+ 18. Bxf4 Rg8+ 19. Bg5 f4+ 20. Kxf4 Nf5 21. Qd1
Rxg5 22. hxg5 O-O-O 23. Ne4 d6 24. exd6 Qf7 25. Qh5 e5+ 26. Kf3 Nd4+ 27. Ke3
Nc2+ 0-1

[Event "CMB Breizh Masters Masculins 2010"]
[Site "Guingamp-Pabu (FRANCE)"]
[Date "2010.02.27"]
[Round "9"]
[White "Fierro Baquero, Martha L"]
[Black "Laurent, Julien G"]
[Result "1-0"]
[WhiteElo "2354"]
[BlackElo "2319"]
[PlyCount "83"]

1. e4 g6 2. d4 Bg7 3. Nc3 d6 4. f4 a6 5. Nf3 b5 6. Bd3 Bb7 7. e5 Nd7 8. Be4
Bxe4 9. Nxe4 Nh6 10. O-O d5 11. Ng3 e6 12. h3 Bf8 13. Be3 Be7 14. c3 Nf5 15.
Nxf5 gxf5 16. a4 c6 17. b3 h5 18. Qe2 Nb6 19. a5 Nd7 20. c4 Nf8 21. Rfc1 Qc7
22. Rc2 Rc8 23. cxb5 axb5 24. Ne1 Qa7 25. Nd3 Nd7 26. Rac1 Nb8 27. Qd2 Kd7 28.
Kf1 Na6 29. Bf2 Qb7 30. Qe1 h4 31. Qe2 Qc7 32. Be1 Qd8 33. Nf2 Bb4 34. Nd3 Be7
35. Nb2 Qg8 36. Na4 Bd8 37. Rxc6 Rxc6 38. Qxb5 Nb8 39. Rxc6 Nxc6 40. Qb7+ Ke8
41. Qxc6+ Kf8 42. a6 1-0

[Event "CMB Breizh Masters Masculins 2010"]
[Site "Guingamp-Pabu (FRANCE)"]
[Date "2010.02.27"]
[Round "9"]
[White "Bouget, Alexandre"]
[Black "Massoni, Michael"]
[Result "1/2-1/2"]
[WhiteElo "2165"]
[BlackElo "2274"]
[PlyCount "41"]

1. d4 Nf6 2. c4 g6 3. Nc3 d5 4. h4 dxc4 5. e4 c5 6. d5 b5 7. e5 b4 8. exf6 bxc3
9. Bxc4 Nd7 10. Qa4 Qb6 11. bxc3 Qxf6 12. Ne2 Bg7 13. Bb5 Qd6 14. Bf4 Be5 15.
Bxe5 Qxe5 16. O-O O-O 17. Bxd7 Bxd7 18. Qxd7 Qxe2 19. Rae1 Qxa2 20. Rxe7 Rad8
21. Qxa7 1/2-1/2

[Event "CMB Breizh Masters Masculins 2010"]
[Site "Guingamp-Pabu (FRANCE)"]
[Date "2010.02.27"]
[Round "9"]
[White "Serafimov, Tervel"]
[Black "Alanic, Xavier"]
[Result "1/2-1/2"]
[WhiteElo "2432"]
[BlackElo "2296"]
[PlyCount "127"]

1. c4 c5 2. b3 Nc6 3. Bb2 e5 4. e3 g6 5. Nf3 Bg7 6. Be2 Nge7 7. O-O O-O 8. Nc3
h6 9. d3 d6 10. Qd2 g5 11. Ne1 f5 12. Nc2 f4 13. Bf3 Bf5 14. Be4 Qd7 15. Ne2
Bxe4 16. dxe4 Rad8 17. f3 fxe3 18. Nxe3 Nd4 19. Ng3 Rf7 20. Bxd4 exd4 21. Nef5
Qe6 22. Nxe7+ Rxe7 23. Nf5 Rf7 24. Rae1 a6 25. f4 gxf4 26. Rxf4 Rf6 27. Rg4 Rd7
28. Rf1 Rg6 29. Rxg6 Qxg6 30. Rf3 Kh7 31. Rg3 Qf6 32. h4 b5 33. h5 bxc4 34.
bxc4 d3 35. Qxd3 Qa1+ 36. Qf1 Bd4+ 37. Nxd4 Qxd4+ 38. Kh2 Qxe4 39. Qf6 a5 40.
a4 Re7 41. Qxd6 Qh4+ 42. Rh3 Qg5 43. Qd3+ Kh8 44. Qd8+ Kh7 45. Qd3+ Kh8 46. Rg3
Qh4+ 47. Kg1 Qh1+ 48. Kxh1 Re1+ 49. Qf1 Rxf1+ 50. Kh2 Rf4 51. Rg6 Kh7 52. Ra6
Rxc4 53. Rxa5 Rh4+ 54. Kg3 Rxh5 55. Ra7+ Kg6 56. Rc7 Rd5 57. a5 c4 58. a6 Ra5
59. Rc6+ Kg5 60. Kf3 c3 61. Ke3 c2 62. Kd2 Ra2 63. Kc1 h5 64. Rc5+ 1/2-1/2